[Event "Olympiad-34"]
[Site "Istanbul"]
[Date "2000.11.05"]
[Round "8.1"]
[White "Shirov, Alexei"]
[Black "Kveinys, Aloyzas"]
[Result "1-0"]
[WhiteElo "2746"]
[BlackElo "2522"]
[Annotator "Ribli,Z"]
[PlyCount "109"]
[EventDate "2000.10.28"]
[EventType "team-swiss"]
[EventRounds "14"]
[EventCountry "TUR"]
[SourceTitle "EXT 2001"]
[Source "ChessBase"]
[SourceDate "2000.11.22"]
[SourceVersion "1"]
[SourceVersionDate "2000.11.22"]
[SourceQuality "1"]
[WhiteTeam "Spain"]
[BlackTeam "Lithuania"]
[WhiteTeamCountry "ESP"]
[BlackTeamCountry "LTU"]

1. e4 c5 2. Nf3 e6 3. d4 cxd4 4. Nxd4 a6 5. Bd3 {Dieser Zug wird heutzutage
seltener gespielt als 5.Nc3, ist aber nicht schlechter. Die Hauptidee des
Zuges ist, dass Weiß in einigen Varianten c2-c4 ziehen kann.} Bc5 6. Nb3 Be7 {
Die Hauptfortsetzung ist der andere Läuferzug (6...Ba7). Mit dem Textzug
möchte Schwarz eine Igelstellung mit d6-Nd7-b6-Bb7 aufbaauen. Das Manöver 5...
Bc5 und 6... Be7 ist kein Tempoverlust, weil der Springer auf b3 statt auf d4
steht.} 7. c4 {Das ist die positionelle Fortsetzung. Die direkteren Varianten
mit 7.Qg4 sind weniger gefährlich für Schwarz. Der Textzug verschafft Weiß
Raumgewinn und eine starke Stellung im Zentrum.} d6 8. Nc3 Nf6 (8... Nd7 9. Be3
b6 10. O-O Ngf6 11. Rc1 Bb7 12. Nd4 O-O 13. b3 Re8 14. Bb1 Bf8 15. Qd2 Qc7 16.
f3 Rad8 17. Kh1 Qb8 {1/2-1/2 Sax,G-Epishin,V/Bolzano ITA 2000/The Week in
Chess 298 (24)}) 9. O-O Nbd7 (9... O-O 10. Be3 Nbd7 11. f4 b6 12. Qf3 Bb7 13.
Rad1 Re8 14. Qh3 Qc7 15. g4 Nf8 16. g5 N6d7 17. Rf2 {1/2-1/2 Mrdja,M-Epishin,V/
Torino ITA 2000/The Week in Chess 316 (17)}) 10. f4 {Mit diesem Zug bekommt
Weiß Angriffsideen am Königsflügel. Schwarz muss immer mit e4-e5 (in erster
Linie) oder f4-f5 rechnen.} b6 (10... O-O 11. Qe2 Qc7 12. Bd2 Rd8 13. Rae1 b6
14. Bb1 Bb7 15. e5 Ne8 16. Ne4 Nf8 17. Rc1 Ng6 18. Bc3 dxe5 19. fxe5 Nxe5 20.
Qh5 f5 21. Ng5 Bxg5 22. Qxg5 Ng4 23. Qf4 Qxf4 24. Rxf4 Nd6 {0-1 Heinemann,
T-Kveinys,A/Germany 1999/EXT 2000 (71)}) 11. Be3 (11. Qe2 Bb7 12. Rd1 Qc7 13.
Be3 O-O 14. Rac1 Nc5 15. Nxc5 bxc5 16. Bf2 Nd7 17. e5 dxe5 18. Bxh7+ Kxh7 19.
Qd3+ e4 20. Qxd7 Rac8 21. Rc2 Bc6 22. Qxc7 Rxc7 23. Be3 Rb7 {1/2-1/2 Stisis,
Y-Botvinnik,I/Israel 2000/CBM 77 (60)}) 11... Bb7 12. Qf3 {[%cal Gf3h3] Das
ist ein typischer Zug in dieser Variante - die Dame zielt nach h3 oder g3.} Nc5
{Schwarz hat Angst vor den Konsequenzen der kurzen Rochade und möchte zuerst
die Stellung im Zentrum klären.} (12... O-O 13. Qh3 (13. Rad1 e5 14. f5 Bc6 15.
Rd2 Ne8 16. Rc2 Bg5 17. Bf2 g6 18. Nd5 h5 19. Be3 Kg7 20. Rcf2 Bxe3 21. Qxe3
Nef6 22. Be2 Bxd5 23. cxd5 b5 {0-1 Klovans,J-Ehlvest,J/Mezezers LAT 2000/The
Week in Chess 297 (29)}) 13... Re8 14. Rad1 Qc8 15. g4 g6 16. g5 Nh5 17. Qf3
Bf8 18. Qf2 Qc7 19. Be2 Ng7 20. Nd4 Nc5 21. Bf3 e5 22. Nde2 Rab8 23. f5 {
1/2-1/2 Vallejo Pons,F-Korneev,O/Elgoibar 1997/CBM 63 (56)}) 13. Nxc5 bxc5 (
13... dxc5 $6 {Dieser Zug ist unnatürlich und passt kaum in die Sizilianische
Verteidigung.} 14. Rad1 $14 {In der Folge verlässt Weiß mit der Dame das Feld
f3 und verschafft sich mit e4-e5 großen Raumvorteil.}) 14. Qh3 Nd7 (14... O-O
15. Rad1 $14) 15. e5 $1 (15. f5 Ne5 {[%csl Ge5]} 16. Bc2 O-O 17. fxe6 Bc8 $132
18. exf7+ $2 (18. Qh5 $2 Bxe6 {[%cal Re6g4,Rg4h5]}) 18... Rxf7 {[%csl Rh3]})
15... dxe5 16. f5 $44 {[%mdl 4] Das ist typisch für Shirov - er zählt nicht
das Material, sondern spielt immer auf Aktivität. Weiß hat einen Bauern
geopfert, aber dafür kann der schwarze Springer nicht nach e5 ziehen. Eine
großmeisterliche Idee!} Nf6 (16... Nf8 17. Rad1 $44) (16... exf5 17. Bxf5 $40)
17. Rad1 Qb6 18. fxe6 (18. b3) 18... Qxe6 (18... fxe6 $6 19. Bg6+ Kf8 20. Be4
$36) 19. Bf5 {Wer A sagt, muss auch B sagen. Natürlich möchte Weiß die Damen
nicht tauschen, deshalb muss er weiteres Material geben.} (19. Qg3 Qg4 $15)
19... Qxc4 20. Bg5 {[%mdl 2048]} h5 $6 {Schwarz möchte endlich kurz rochieren
und verteidigt sich gegen Bxf6 und Qxh7 Matt. Aber dieser Zug schwächt die
Königsstellung und gibt Weißt ein wichtiges Tempo.} (20... Rd8 $5 $13 {Nach
diesem Zug möchte Schwarz die Türme tauschen und das Material reduzieren, was
gewöhnlich für den Verteidigenden von Vorteil ist.}) 21. b3 Qb4 22. a3 Qb6 (
22... Qxa3 23. Rfe1 $44 (23. Bxf6 gxf6 24. Be4 $44)) (22... Qxb3 $2 23. Rb1 $16
) 23. Na4 Qc7 $6 (23... Qa5 $5 $13) (23... Qc6 $2 24. Bxf6 $18 {[%csl Rc6]})
24. Bxf6 gxf6 (24... Bxf6 25. Rd7 Qc6 26. Nc3 g6 27. Rxb7 gxf5 28. Qxf5 Qxb7
29. Ne4 $44) 25. Rd7 Qc6 26. Nc3 {[%csl Yd5,Ye4] Weiß hat zwei Bauern weniger,
aber sein positioneller Druck ist - besonders auf den weißen Feldern - spürbar.
} Rg8 27. Ne4 Qxe4 $2 {Schwarz möchte "aktiv" spielen und gibt die Dame für
zwei Läufer. Er bekommt in der Folge zwar etwas Initiative, aber der weiße
Materialvorteil muss sich früher oder später zeigen.} (27... Qb6 $5 $13) 28.
Bxe4 Bxe4 29. Rf2 $16 {Weiß hat die Dame für zwei Läufer und zwei Bauern - das
ist kein vollwertigesr Ersatz für Schwarz.} (29. g3 $6) 29... f5 30. Rd1 c4 {
[%cal Re7c5,Rc5g1]} 31. Qc3 $5 {Ein interessanter Verteidigungszug - Schwarz
kann wegen 32.Qxe5+ nicht 31...Bc5 spielen.} (31. b4) 31... cxb3 (31... Bxa3 $2
32. b4 $18) 32. Re2 $1 {Endlich befreit Weiß sich vom Motiv Bc5 und droht
gleichzeitig 33.Rxe4 nebst 34.Qc6+.} Kf8 (32... Rb8 33. Qc7 Rd8 34. Rxd8+ Bxd8
35. Qxe5+ $18) 33. Qxb3 Re8 34. Qc3 h4 35. Rd7 (35. Qxe5 $6 Bxa3 $14) 35... Rg7
36. a4 {Der Bauer stand - wegen des Be7 - immer unsicher auf a3.} Bg5 37. Rb2
Kg8 38. Rc7 Kh7 39. Rd7 $138 {Ich glaube, dass Weiß sich in Zeitnot befand und
die Züge nicht dreimal wiederholen wollte.} Reg8 {[%cal Gg8g1]} 40. Kf1 {
Weiß vermeidet die Unannehmlichkeiten auf der g-Linie und auch das später
mögliche Schach auf e3.} f6 $2 (40... Bf4 $5 41. Qh3 Bg5 (41... Bxg2+ 42. Rxg2
Rxg2 43. Qxh4+ Bh6 44. Rxf7+ $16) 42. g3 $16) 41. Rxg7+ Rxg7 42. Qc8 {Nach dem
Turmtausch ist das schwarze Spiel am Königsflügel weniger gefährlich.} f4 43.
Rb8 Kg6 $6 (43... Bd3+ $5 44. Kf2 Kg6 $16) 44. Qc4 {[%csl Gc4][%cal Rc4a6,
Rc4e4] Die Dame hat ein gutes Feld auf c4 - es hängt der Pa6 und auch der Be4
steht unsicher.} Bf5 45. Rg8 $5 (45. Qxa6) 45... h3 (45... a5 46. Rxg7+ Kxg7
47. Qc7+ $18 {[%cal Rc7a5,Rc7g7]}) 46. Rxg7+ Kxg7 47. Qxa6 $18 {Mit dem
Freibauer auf der a-Linie muss Weiß gewinnen.} hxg2+ 48. Kxg2 e4 {Schwarz hat
auch seine Freibauern, aber der weiße König befindet sich in der Nähe.} 49. Qb5
Kg6 50. a5 f3+ (50... e3 51. Qe8+ {Die Dame steht aktiv auf e8, sie
kontrolliert den e-Bauern und verhindert Be4+.} Kg7 52. a6 $18) 51. Kg3 Bd2 52.
Qd5 f2 (52... Be1+ 53. Kf4 $18) 53. Kxf2 e3+ 54. Kf3 Bc2 55. a6 1-0

[Event "Asker 75th"]
[Site "Asker"]
[Date "1997.11.22"]
[Round "1"]
[White "Rytshagov, Mikhail"]
[Black "Hellsten, Johan"]
[Result "1-0"]
[WhiteElo "2525"]
[BlackElo "2495"]
[Annotator "Ribli,Z"]
[PlyCount "67"]
[EventDate "1997.11.22"]
[EventType "tourn"]
[EventRounds "9"]
[EventCountry "NOR"]
[EventCategory "10"]
[SourceTitle "CBM 062"]
[Source "ChessBase"]
[SourceDate "1998.01.31"]
[SourceVersion "1"]
[SourceVersionDate "1998.01.31"]
[SourceQuality "1"]

1. e4 c5 2. Nf3 e6 3. d4 cxd4 4. Nxd4 a6 5. Bd3 Nf6 6. O-O Qc7 7. Qe2 {Nach
meiner Meinung ist das eine chancenreiche Fortsetzung für Weiß.} (7. c4 Nc6 8.
Nxc6 dxc6 {Diese Variante führt zu unklaren Komplikationen mit beiderseitigen
Chancen.}) 7... d6 8. c4 Be7 {Meiner persönlichen Meinung nach ist diese
klassische Läuferentwicklung weniger gut als der moderne 8...g6.} 9. Nc3 O-O
10. f4 Nc6 $6 {Dieser Zug gefällt mir nicht. Nach der Partiefortsetzung
bekommt Weiß einen direkten Angriff. Die andere Springerentwicklung erscheint
mir besser.} (10... Nbd7 $5 11. Be3 (11. Kh1 Re8 12. Nf3 Nc5 $1 (12... e5 13.
f5 Rb8 14. Bg5 Nc5 15. Rac1 Nxd3 16. Qxd3 Bd7 17. Rfd1 Bc6 18. b4 Ng4 19. Rd2
Bxg5 20. Nxg5 h6 21. Nf3 Rbd8 22. h3 Nf6 23. Rdd1 {1-0 Sanchez Almeyra,J-Perez
Cascella,J/Rosario 1996/EXP 53 (35)}) 13. Bc2 e5 14. f5 b5 15. Bg5 $1 b4 16.
Nd1 Bb7 17. Nf2 a5 18. Bxf6 Bxf6 19. Ng4 a4 20. Nxf6+ gxf6 21. Nd2 Kf8 22. Qe3
Ke7 23. Bd1 Rg8 24. Bf3 Qb6 25. Rfd1 $14 {Morovic Fernandez,I-Zapata,A/
Cienfuegos 1996/1-0 (56)}) 11... Re8 12. Rac1 g6 13. Kh1 b6 14. b4 Bb7 15. a3
Rac8 16. Nf3 Bf8 17. Bd2 Bg7 18. Qf2 Ng4 19. Qh4 f5 20. Rce1 Nf8 21. h3 Nf6 22.
Re2 {1/2-1/2 Hernandez,G-Zapata,A/Capablanca mem-A 1996/CBM 54/[Baburin] (43)})
11. Nxc6 bxc6 {Schwarz kann mit seiner Zentrumsstellung zufrieden sein, aber
Zeit ist auch ein wichtiger Faktor und mit folgendem Zug bekommt Weiß starke
Angriffschancen.} 12. e5 $5 (12. b3 Nd7 13. Bb2 Bf6 14. e5 dxe5 15. Ne4 Be7 16.
Qh5 f5 17. Ng5 Bxg5 18. Qxg5 Rf7 19. Rad1 exf4 20. Rxf4 h6 21. Qh4 Ne5 22. Rd4
Bb7 23. Be2 Ng6 24. Qf2 Nf8 25. c5 a5 26. Rd6 {1-0 Fongers,J-Ratcu,T/WchJW-U16
1995/JUN 95 (41)}) 12... Nd7 (12... dxe5 13. fxe5 Nd7 14. Bf4 $14 {[%csl Rc8,
Gd3,Ge2,Gf1,Rg8] Weiß hat Raumvorteil und gute Angriffschancen am Königsflügel.
Schwarz hat zudem noch mit Entwicklungsproblemen zu kämpfen.}) 13. exd6 Bxd6
14. Ne4 Be7 (14... c5 $2 15. Nxd6 Qxd6 16. Qe4 Nf6 17. Qxa8 Qxd3 18. Qf3 $16) (
14... Nc5 15. Nxd6 Qxd6 16. Bc2 $14 {[%csl Gc1,Gc2,Rc5,Rc8]}) 15. b3 {[%cal
Gc1b2,Gb2g7]} c5 (15... Nc5 16. Nxc5 (16. Bb2 $5) 16... Bxc5+ 17. Be3 (17. Kh1
Bd4 $2 18. Qe4 $18 {[%cal Re4h7,Re4d4]}) 17... Bxe3+ 18. Qxe3 $14 {Weiß hat
Positionsvorteil, denn der schwarze Läufer auf c8 hat Probleme und auch die
weiße Bauernstruktur ist besser.}) 16. Bb2 Bb7 {Schwarz hat seine Entwicklung
beendet, aber der weiße Angriff ist schon zu stark.} 17. f5 $40 exf5 18. Rxf5
g6 {[#]} 19. Raf1 $1 {Ein sehr schönes Turmopfer. Alle weißen Figuren nehmen
am Angriff teil.} Rae8 {In der praktischen Partie ist es kaum möglich, alle
Varianten zu berechnen, aber ich glaube, die Annahme des Turmopfers führt zu
entscheidendem weißen Angriff.} (19... gxf5 20. Rxf5 f6 21. Ng5 $5 (21. Qg4+
Kh8 22. Rh5 Bxe4 (22... Rf7 23. Ng5 Rg7 24. Bxh7 $18) 23. Bxe4 Rf7 24. Bxa8 $16
) 21... fxg5 (21... Rae8 22. Qh5 fxg5 23. Rxg5+ Bxg5 24. Qxh7# (24. Bxh7#)) (
21... Ne5 22. Rxe5 fxe5 23. Bxh7+ Kh8 24. Bxe5+ $18) (21... Qc6 22. Rd5 (22.
Be4 Qd6 23. Qh5 $18) 22... Ne5 (22... fxg5 23. Qxe7 $18) 23. Qh5 $18) 22. Qe6+
$18) 20. Qg4 $16 {[%csl Gb2,Gd3,Ge4,Gf1,Gf5,Gg4,Rg8] Jetzt hat Weiß keinen
materiellen Nachteil und läßt seinen gefährlichen Angriff folgen.} Qd8 21. Bc2
{Ein guter prophylaktischer Zug. Der Läufer hängt in einigen Varianten auf d3.}
Qb6 22. h4 $1 {Ich sehe keinen konkreten Gewinn für Weiß. Folgerichtig fährt
er mit seiner Reserve, dem h-Bauern, auf.} Bc8 {[%cal Gc8g4]} 23. Qg3 {Weiß
vermeidet die Motive auf der Diagonalen c8-h3 und droht anderseits mit 24.Qc3.}
Qb8 24. Qc3 f6 25. Rd5 Ne5 (25... Nb6 $2 26. Nxf6+ Bxf6 27. Rxf6 Nxd5 (27...
Rxf6 28. Qxf6 $16) 28. Rxg6+ hxg6 29. Qg7#) 26. Qg3 Bb7 (26... Nd7 {[%cal
Gb8g3]} 27. Qxb8 {Nach dem Damentausch hat Weiß großen Vorteil.} Nxb8 28. Nxc5
$16) 27. Rd2 Kg7 $6 (27... Bxe4 28. Bxe4 Kh8 29. Bd5 {[%csl Gd5]}) 28. h5 {
[%csl Rg7]} Bxe4 29. Bxe4 Bd6 $2 (29... g5 {Die schwarze Stellung ist eine
positionelle Katastrophe, aber er kann den sofortigen Partieverlust vermeiden.}
30. Rfd1 $16) 30. hxg6 Nxg6 (30... h6 $16) (30... hxg6 31. Bxe5 Bxe5 32. Qxg6+
$18) 31. Rxd6 $18 Rxe4 32. Rfxf6 {Schwarz kann sich nicht mehr gegen die
vielseitigen Drohungen verteidigen. Sein König befindet sich im Mattnetz.} Rxf6
33. Bxf6+ Kh6 (33... Kf7 34. Rd7+ $18 {[%cal Rg3b8]}) (33... Kg8 34. Rd8+ $18)
34. Qg5# 1-0

[Event "EU-ch 2nd"]
[Site "Ohrid"]
[Date "2001.06.05"]
[Round "5"]
[White "Polgar, Judit"]
[Black "Bischoff, Klaus"]
[Result "1-0"]
[WhiteElo "2678"]
[BlackElo "2533"]
[Annotator "Ribli,Z"]
[PlyCount "65"]
[EventDate "2001.06.01"]
[EventType "swiss"]
[EventRounds "13"]
[EventCountry "YUG"]
[SourceTitle "CBM 084"]
[Source "ChessBase"]
[SourceDate "2001.09.13"]
[SourceVersion "1"]
[SourceVersionDate "2001.09.13"]
[SourceQuality "1"]

1. e4 c5 2. Nf3 e6 3. d4 cxd4 4. Nxd4 a6 5. Bd3 {Die Alternativen sind 5.Nc3
und 5.c4. Der Vorteil des Textzugs besteht darin, dass Weiß anschließend
entweder c2-c4 oder Nc3 ziehen kann.} Ne7 {Statt des Textzuges sind praktisch
auch alle anderen Züge möglich: 5...Nf6, 5.g6, 5...Nc6, 5...d5, 5...Bc5, 5...
Qc7. Gewöhnlich bekommt Schwarz in der Paulsen Variante eine elastische
Stellung, Weiß hingegen Raumvorteil und Initiative.} 6. O-O Nbc6 7. c3 $5 {
Dieser logische Zug wird nur selten gespielt. Die Idee dabei ist, auf Nxd4 mit
cxd4 zu antworten und sich so ein starkes Bauernzentrum zu verschaffen.} (7.
Nb3 g6 (7... Ng6 8. Be3 Be7 9. c4 (9. N1d2 Rb8 10. a4 b6 11. f4 O-O 12. Qh5 f6
13. Rf3 Rf7 14. c3 Nf8 15. Rf2 Bd6 16. Rd1 Bc7 {1/2-1/2 Blees,A-Bischoff,K/
Hamburg 1995/EXT 97 (34)}) 9... d6 10. Nc3 b6 11. Rc1 O-O 12. f4 Rb8 13. Rf2
Bd7 14. Rd2 Rb7 15. Bf1 Re8 16. Qh5 Nf8 17. g3 Qb8 18. Bg2 {1/2-1/2 Khruschiov,
A-Bischoff,K/Istanbul 2000/EXT 2001 (55)}) 8. Nc3 Bg7 9. Bf4 Ne5 10. Be2 f5 11.
Bg5 Nf7 12. Be3 fxe4 13. Nxe4 d5 14. Nc3 Nf5 15. Bc5 b6 16. Bb4 Ne5 17. Nd2 Bb7
18. Re1 Qc7 {1/2-1/2 Lutz,C-Bischoff,K/Essen 2001/CBM 83_01 (25)}) 7... Ne5 (
7... e5 8. Nxc6 dxc6 9. Bc4 Qc7 10. a4 Ng6 11. Be3 Bd6 12. a5 Qe7 13. Nd2 Bc5
14. Bxc5 Qxc5 15. Qh5 {1/2-1/2 Wallace,J-Sjoberg,M/Stockholm 1997/EXT 98 (41)})
(7... g6 8. Bg5 Bg7 9. Nxc6 bxc6 10. Bc2 d5 11. Ba4 Bd7 12. Re1 f6 13. exd5
cxd5 14. Be3 Bxa4 15. Qxa4+ Qd7 16. Qa3 Kf7 {0-1 Rigo,J-Gaertner,G/Budapest
1995/EXT 98 (53)}) (7... d5 $5 {Meiner Meinung mach bietet dieser natürliche
Zug Schwarz gute Ausgleichschancen.}) 8. f4 {[%mdl 4] Weiß läßt sich gerne
seinen Läufer abtauschen und möchte so schnell wie möglich eine
Angriffsstellung aufbauen.} (8. Bc2 d5 (8... N7c6)) 8... Nxd3 9. Qxd3 Qc7 $6 {
Dieser schablonenartige Zug gefällt mir nicht - es ist trifft zwar zu, dass
Schwarz in der Paulsen-Variante gewöhnlich diesen Damezug spielt. In unserer
Partie wäre es aber angebrachter, mit 9...d5 die Stellung im Zentrum zu klären.
} (9... d5 $5 10. e5 Ng6 11. Be3 $14) 10. Be3 Nc6 (10... d5 11. e5 $14) (10...
b6 $5 {[%cal Gc8b7]}) 11. c4 $14 {Weiß hat Entwicklungs- und Raumvorteil. Die
schwarze Stellung ist etwas passiver, und die Entwicklung des Bc8 kostet viel
Zeit.} b6 12. Nc3 Bb7 13. Nf3 {Wenn man Raumvorteil hat, ist es prinzipiell
eine gute Idee, Abtausch von Material zu vermeiden.} (13. Rac1 $14 {In solchen
Stellungen droht das bekannte, vorübergehende Springeropfer 14.Nd5.}) 13... Be7
14. Rac1 Rb8 {Schwarz verteidigt den Bb7. Das ist wichtig für den Fall, dass
Weiß mit 15.Nd5 das Springeropfer anbringen will.} 15. Rfd1 {Weiß übt starken
positionellen Druck aus. Es ist nicht leicht für Schwarz, seinen König in
Sicherheit zu bringen. 15...0-0 geht z.B. nicht, weil dann der Pd7 hängt.} (15.
Nd5 exd5 16. cxd5 Nb4 17. Qd2 (17. Rxc7 Nxd3 $19) 17... Qd6 18. a3 Nxd5 $15)
15... Ba8 (15... d6 16. Nd5 exd5 17. cxd5 Nb4 (17... Qd7 18. dxc6 $18) 18. Rxc7
Nxd3 19. Rxd3 $16) 16. a3 {Weiß hat viele gute Möglichkeiten. Der Textzug ist
stark - Weiß bereitet 17.b4 vor, mit aktivem Spiel am Damenflügel.} (16. Nd5 $5
exd5 17. cxd5 Qb7 18. dxc6 dxc6 19. Ne5 $16) 16... f6 17. b4 Nd8 {Es ist nicht
leicht für Schwarz einen guten Rat zu finden. Er möchte gerne 18...Nf7 spielen,
aber dann? Seinem König scheint in dieser Partie die Rochade verwehrt zu
bleiben...} 18. Na4 Nf7 (18... f5 19. exf5 Bxf3 20. gxf3 exf5 21. c5 $16 (21.
Qxf5 $16)) 19. c5 bxc5 $6 {Dieser Zug gefällt mir nicht. Schwarz hat zwar eine
schwierige Stellung zu spielen, aber nach der Partiefortsetzung werden die
weißen Figuren noch aktiver.} (19... b5 20. Nb6 Bc6 21. Nd4 $14 (21. Nd5 $14))
20. Nxc5 Bxc5 21. Bxc5 $16 {[%csl Gc5][%cal Gc5f8] Der Bc5 dominiert das Brett.
} Qb7 22. e5 f5 (22... fxe5 23. fxe5 Nxe5 (23... Qb5) 24. Qd6 Ng6 25. Bd4 $16)
23. Rd2 {Ein prophylaktischer Zug - Weiß verteidigt den Pg2 und befreit den
Nf3. Eine weitere Idee des Zugs ist 24.Rcd1.} Rg8 24. Rcd1 Rd8 25. Ng5 Nxg5 (
25... h6 26. Nxf7 (26. Nxe6 dxe6 27. Qxd8+) 26... Kxf7 27. Qxd7+ $18) 26. fxg5
Kf7 {[#]} 27. g6+ $1 {[%mdl 128] Mit diesem Bauernopfer öffnet Weiß die
g-Linie, wo er anschließend mit der Dame eindringen kann.} Kxg6 (27... hxg6 28.
Qxd7+ Rxd7 29. Rxd7+ Qxd7 (29... Ke8 30. Rd8+ Kf7 31. R1d7+ Qxd7 32. Rxd7+) 30.
Rxd7+ Ke8 31. Re7+ Kd8 32. Rxe6 Bb7 33. Rxg6 $18) 28. Qg3+ Kf7 29. Qg5 $40 {
[%csl Rf7]} h6 $6 (29... Rh8 30. Rd3 $40) 30. Qh5+ g6 31. Qxh6 Rg7 32. Qg5 $18
Qc8 33. Qxd8 $1 (33. Qxd8 $1 Qxd8 34. Rxd7+ Qxd7 35. Rxd7+ Kg8 36. Rd8+ $18 {
[%cal Rd8a8,Rd8g8]}) 1-0